| 000 | 00424nam a2200169Ia 4500 | ||
|---|---|---|---|
| 008 | 210210b1986 xxu||||| |||| 00| 0 eng d | ||
| 082 | _a540 KINP | ||
| 100 | _aKINI (K Damodara) | ||
| 245 | _aPre-University chemistry.V1.Ed 4. | ||
| 250 | _a | ||
| 260 |
_aKarkala _bM\s Kini & Rao _c1986 |
||
| 300 | _avi,281 | ||
| 650 | _aChemistry I P U C | ||
| 690 | _aChemistry | ||
| 700 | _aRAO (K Suryanarayana). | ||
| 906 | _a038202 | ||
| 999 |
_c88602 _d88602 |
||